A homonnai áll. faipari szakiskola-

Oznam o záverečných skúškach, ktoré sa uskutočnia v Humenskej štátnej rezbárskej škole (Homonnai állami faipari szakiskola) dňa 20. júna 1903. Predseda skúšobnej komisie bude hlavný slúžny Mikuláš (Miklós) Haraszthy. Pozýva sa široká verejnosť, ako aj rodičia detí na výstavu prác študentov, ktorá bu...

Full description

Bibliographic Details
Format: Article
Language:Hungarian
Subjects:
Source: 1. Homonna és Vidéke : Vegyes tartalmu közmüvelődési, szépirodalmi és közgazdasági hetilap 1. Roč. 3, č. 25 (18.06.1903) s. 2
LEADER 01901nab#a2200409#ar4500
001 000073564
003 SVKKK
005 20101102091106.0
008 080512d1903 xo |||||||||||||||b|hun
FMT
038 |a SVKKK 
040 |a SVKKK  |b slo  |e AACR2 
041 0 |a hun 
044 |a xo  |c SK 
080 |a 377.5:62  |2 1997 
080 |a 62  |2 1997 
080 |a 061.4  |2 1997 
080 |a 929 Haraszthy, Mikuláš  |2 1997 
242 1 0 |a Humenská štátna drevárska škola-  |y slo 
245 1 2 |a A homonnai áll. faipari szakiskola- 
500 |a Popis z mikrofilmu 
500 |a Dohľadanie 
520 2 |a Oznam o záverečných skúškach, ktoré sa uskutočnia v Humenskej štátnej rezbárskej škole (Homonnai állami faipari szakiskola) dňa 20. júna 1903. Predseda skúšobnej komisie bude hlavný slúžny Mikuláš (Miklós) Haraszthy. Pozýva sa široká verejnosť, ako aj rodičia detí na výstavu prác študentov, ktorá bude prezentovaná v kresliarni školy 
600 1 4 |a Haraszthy, Mikuláš  |d 18??-19??  |x notár, hlavný slúžny, verejne činný  |x Humenné (Slovensko)  |x pôsobenie vo funkcii  |y 1878-1913, 1916-1917 
610 2 4 |a A homonnai m. kir. áll. Faipari Szakiskola [Humenská kráľovská štátna drevárska škola] (Humenné, Slovensko) 
650 0 4 |a skúšky koncoročné  |x hlavný slúžny (predseda skúšobnej komisie)  |z Humenné (Slovensko)  |y 20.06.1903 
650 0 4 |a výstava prác študentov 
655 4 |a hungariká 
773 0 |t Homonna és Vidéke : Vegyes tartalmu közmüvelődési, szépirodalmi és közgazdasági hetilap  |g Roč. 3, č. 25 (18.06.1903) s. 2 
957 |a Humenné 
958 |a DG 
958 |a HU 
974 |a Ba 
992 |a RBX 
997 |a Haraszthy, Miklós p. Haraszthy, Mikuláš  |c A homonnai m. kir. áll. Faipari Szakiskola p. Humenská kráľovská štátna drevárska škola  |d Homonna p. Humenné 
BAS
998 |a RETRO